ইছলামের বৈশিষ্ট্য / (Record no. 31633)
[ view plain ]
| 000 -LEADER | |
|---|---|
| fixed length control field | 00642nam a22001817a 4500 |
| 003 - CONTROL NUMBER IDENTIFIER | |
| control field | BDDh-ASL |
| 005 - DATE AND TIME OF LATEST TRANSACTION | |
| control field | 20231015031308.0 |
| 008 - FIXED-LENGTH DATA ELEMENTS--GENERAL INFORMATION | |
| fixed length control field | 230403n x ||||| |||| 00| 0 b d |
| 040 ## - CATALOGING SOURCE | |
| Original cataloging agency | BDDh-ASL |
| Transcribing agency | BDDh-ASL |
| 041 ## - LANGUAGE CODE | |
| Language code of text/sound track or separate title | ben |
| 082 ## - DEWEY DECIMAL CLASSIFICATION NUMBER | |
| Classification number | 297 |
| Item number | HAI |
| 100 1# - MAIN ENTRY--PERSONAL NAME | |
| Personal name | হক, এম্. সেরাজুল |
| 9 (RLIN) | 7849 |
| 245 10 - TITLE STATEMENT | |
| Title | ইছলামের বৈশিষ্ট্য / |
| 246 ## - VARYING FORM OF TITLE | |
| Title proper/short title | Islamer Boisisto by M. Serajul Haq. |
| 300 ## - PHYSICAL DESCRIPTION | |
| Extent | 47 p. : |
| Dimensions | 16 cm. |
| 650 #0 - SUBJECT ADDED ENTRY--TOPICAL TERM | |
| Topical term or geographic name entry element | ইসলাম ধর্ম , Isalāma dharma, Islam, Religion, Mohammedism, Mohammadan, Mohammedan, Muhammadan, Islamic Relition, Peace |
| 9 (RLIN) | 747 |
| 942 ## - ADDED ENTRY ELEMENTS (KOHA) | |
| Source of classification or shelving scheme | Dewey Decimal Classification |
| Koha item type | Books |
| Withdrawn status | Lost status | Source of classification or shelving scheme | Damaged status | Not for loan | Collection code | Home library | Current library | Shelving location | Date acquired | Source of acquisition | Total Checkouts | Full call number | Barcode | Date last seen | Copy number | Price effective from | Koha item type | Public note |
|---|---|---|---|---|---|---|---|---|---|---|---|---|---|---|---|---|---|---|
| Dewey Decimal Classification | Non-fiction | Asiatic Society Library | Asiatic Society Library | General Stacks | 04/03/2023 | ASB Library Collections | 297 HAI | 120345 | 04/03/2023 | C-1 | 04/03/2023 | Books | Y-1937 |